| 000 | 00656nas a2200229 i 4500 | ||
|---|---|---|---|
| 001 | 1327 | ||
| 003 | ES-MaACL | ||
| 005 | 20250807062534.0 | ||
| 007 | t| | ||
| 008 | 950801c1878 xxk | | 1 ||ng d | ||
| 080 | _a410 | ||
| 245 | 0 | 4 |
_aThe Journal of physiology / _cedited for the Physiological Society. |
| 260 |
_aCambridge [etc.] : _bUniversity Press, _c1878- |
||
| 300 |
_a1 v. : _bgrab. ; _c23 cm. |
||
| 310 | _aMensual | ||
| 362 | 0 | _aV. I , (12 mar. 1878)- | |
| 650 | 1 | 7 |
_aMedicina _2embne _914891 |
| 710 | 2 |
_aPhysiological Society (Cambridge) _96219 |
|
| 852 |
_aES-MaACL _jHEM-H-36 _xhem-1095 _d |
||
| 866 | 0 | _o(1932). | |
| 999 |
_c1327 _d1327 |
||